| 000 | 00351nam a2200145Ia 4500 | ||
|---|---|---|---|
| 005 | 20250729165715.0 | ||
| 008 | 250729s2011 xx 000 0 und d | ||
| 041 | _akan | ||
| 082 | _a494.50 RDGP | ||
| 100 |
_aR.D.G _9231061 |
||
| 245 | _aPraabhandagalu | ||
| 260 |
_aBangalore _bswapna Book House _c2011 |
||
| 300 | _a76p | ||
| 650 |
_aKannada _9231062 |
||
| 999 |
_c239093 _d239093 |
||